Corn : (Record no. 12070)

000 -LEADER
fixed length control field 00482nam a2200181 a 4500
020 ## - INTERNATIONAL STANDARD BOOK NUMBER
ISBN 0913250481
040 ## - CATALOGING SOURCE
Transcribing agency DLC
082 00 - DEWEY DECIMAL CLASSIFICATION NUMBER
Classification number 633 AME 1987 A041 Or.
245 00 - TITLE STATEMENT
Title Corn :
Remainder of title chemistry and technology /
260 ## - PUBLICATION, DISTRIBUTION, ETC. (IMPRINT)
Place of publication St. Paul, Minn., USA :
Name of publisher American Association of Cereal Chemists,
Year of publication c1987.
300 ## - PHYSICAL DESCRIPTION
Number of Pages 605 p. :
Other physical details ill. ;
Dimensions 24 cm.
650 #0 - SUBJECT ADDED ENTRY--TOPICAL TERM
Topical Term Corn.
650 #0 - SUBJECT ADDED ENTRY--TOPICAL TERM
Topical Term Corn
650 #0 - SUBJECT ADDED ENTRY--TOPICAL TERM
Topical Term Corn products.
700 1# - ADDED ENTRY--PERSONAL NAME
Personal name Watson, Stanley A.
700 1# - ADDED ENTRY--PERSONAL NAME
Personal name Ramstad, Paul E.
942 ## - ADDED ENTRY ELEMENTS (KOHA)
Koha item type សៀវភៅភាសាអង់គ្លេស
952 ## - LOCATION AND ITEM INFORMATION (KOHA)
Withdrawn status [LOCAL, KOHA] 0
Holdings
Permanent Location Date acquired Koha item type Lost status Shelving location Barcode Current Location Full call number
Library Block A2017-08-09សៀវភៅភាសាអង់គ្លេស A041A14195Library Block A633 AME 1987 A041 Or.
មជ្ឈមណ្ឌលឯការនៃសាកលវិទ្យាល័យភូមិន្ទកសិកម្មចំការដូង

Powered by Koha